Best nba players at every age 2024-25 - Statistics

General Stats
  • This quiz has been taken 256 times
  • The average score is 5 of 15
Answer Stats
Hint Answer % Correct
20 Victor Wembanyama
58%
22 Chet Holmgren
53%
23 Anthony Edwards
46%
25 Luka Doncic
40%
31 Anthony davis
38%
29 Nikola Jokic
37%
30 Joel Embiid
30%
28 Jalen Brunson
29%
34 Paul George
29%
27 Jamal Murray
28%
32 Kyrie irving
28%
26 Shai Gilgeous - Alexander
26%
21 Brandon Miller
25%
33 Kawhi Leonard
25%
24 Tyresse Haliburton
24%
No matching quizzes found
Score Distribution
Percent of People with Each Score
Percentile by Number Answered
Your Score History
You have not taken this quiz